| 000 | 01000cam a2200289 a 4500 | ||
|---|---|---|---|
| 999 |
_c5854 _d5854 |
||
| 001 | 15276078 | ||
| 003 | OSt | ||
| 005 | 20190903142632.0 | ||
| 008 | 080425s2008 enk b 001 0 eng | ||
| 010 | _a 2008927959 | ||
| 015 |
_aGBA862011 _2bnb |
||
| 016 | 7 |
_a014602263 _2Uk |
|
| 020 | _a9781849800532 | ||
| 035 | _a(OCoLC)ocn186976380 | ||
| 040 |
_aUKM _cUKM _dDLC |
||
| 082 | 0 | 4 |
_a338.04 _222 _bFIE 2008 |
| 100 | 1 |
_aFiet, James O.; Patel, Pankaj C _912175 |
|
| 245 | 1 | 0 | _aPrescriptive Entrepreneurship |
| 260 |
_aCheltenham, UK ; _bEdward Elgar, _c2008. |
||
| 300 |
_axii, 296 p. ; _c25 cm. |
||
| 504 | _aIncludes bibliographical references (p. 270-288) and index. | ||
| 650 | 0 |
_aEntrepreneurship. _96831 |
|
| 856 | 4 | 1 |
_3Table of contents only _uhttp://www.loc.gov/catdir/toc/fy1002/2008927959.html |
| 906 |
_a7 _bcbc _ccopycat _d2 _eepcn _f20 _gy-gencatlg |
||
| 942 |
_2ddc _cO_SHELF |
||